Villes de France - Par panorama # 7 - Statistiques

Statistiques générales
  • Ce quiz a été pris 24 fois
  • Le résultat moyen est 3 sur 20
Statistiques - réponses
Par images Réponse % Correct
Angers
76%
Le Havre
43%
Arras
38%
Béziers
24%
Royan
19%
Charleville-Mézières
14%
Boulogne-Billancourt
10%
Briançon
10%
Pamiers
10%
Quimper
10%
Saint-Pierre
10%
Valenciennes
10%
Alès
5%
Carpentras
5%
Fréjus
5%
Sens
5%
Thionville
5%
Cognac
0%
Dax
0%
Saint-Quentin
0%
Aucun quiz correspondant
Distribution des résultats
% des personnes avec chaque résultat
Percentile par nombre de réponses
Votre historique - résultats
Vous n’avez pas pris ce quiz